000 00275nam a22001217a 4500
008 171204b xxu||||| |||| 00| 0 eng d
041 _aeng
080 _a94
100 _a16
101 _aHIS
245 _aHISTORIA LA LITERATURE GUATEMATECA
_cPALMA.F.A
942 _2udc
_cBK
999 _c38777
_d38777